Chemistry in your Life (Record no. 361)

MARC details
000 -LEADER
fixed length control field 00878cam a22002774a 4500
001 - CONTROL NUMBER
control field 12920285
003 - CONTROL NUMBER IDENTIFIER
control field OSt
005 - DATE AND TIME OF LATEST TRANSACTION
control field 20190904160951.0
008 - FIXED-LENGTH DATA ELEMENTS--GENERAL INFORMATION
fixed length control field 020906s2003 nyua 001 0 eng
010 ## - LIBRARY OF CONGRESS CONTROL NUMBER
LC control number 2002112747
020 ## - INTERNATIONAL STANDARD BOOK NUMBER
International Standard Book Number 071673902X
035 ## - SYSTEM CONTROL NUMBER
System control number (DLC) 2002112747
040 ## - CATALOGING SOURCE
Original cataloging agency DLC
Transcribing agency DLC
Modifying agency DLC
042 ## - AUTHENTICATION CODE
Authentication code pcc
050 00 - LIBRARY OF CONGRESS CALL NUMBER
Classification number QD33.2
Item number .I56 2004
082 00 - DEWEY DECIMAL CLASSIFICATION NUMBER
Classification number 540 BAI 2003
Edition number 22
100 1# - MAIN ENTRY--PERSONAL NAME
Personal name Baird, Colin; Gloffke, Wendy.
9 (RLIN) 927
245 10 - TITLE STATEMENT
Title Chemistry in your Life
260 ## - PUBLICATION, DISTRIBUTION, ETC. (IMPRINT)
Place of publication, distribution, etc. New York :
Name of publisher, distributor, etc. W.H. Freeman,
Date of publication, distribution, etc. c2003
300 ## - PHYSICAL DESCRIPTION
Extent xxviii,660 p:. (various pagings) :
Other physical details col.ill;
Dimensions 28 cm.
500 ## - GENERAL NOTE
General note Includes index.
650 #0 - SUBJECT ADDED ENTRY--TOPICAL TERM
Topical term or geographic name as entry element Chemistry.
9 (RLIN) 797
906 ## - LOCAL DATA ELEMENT F, LDF (RLIN)
a 7
b cbc
c orignew
d 2
e epcn
f 20
g y-gencatlg
942 ## - ADDED ENTRY ELEMENTS (KOHA)
Source of classification or shelving scheme Other/Generic Classification Scheme
Koha item type Book Bank
Holdings
Withdrawn status Lost status Source of classification or shelving scheme Damaged status Not for loan Home library Current library Date acquired Source of acquisition Inventory number Total Checkouts Full call number Barcode Date last seen Price effective from Koha item type
    Other/Generic Classification Scheme     MUST Main Library MUST Main Library 02/09/2014   2006/26764   540 BAI 2003 2014-2375 02/09/2014 02/09/2014 Book Bank
    Other/Generic Classification Scheme     MUST Main Library MUST Main Library 02/09/2014   2004/21608   540 BAI 2003 2014-2376 02/09/2014 02/09/2014 Book Bank
    Other/Generic Classification Scheme     MUST Main Library MUST Main Library 02/09/2014   2005/23785   540 BAI 2003 2014-2377 02/09/2014 02/09/2014 Book Bank
    Other/Generic Classification Scheme     MUST Main Library MUST Main Library 02/09/2014   2006/26766   540 BAI 2003 2014-2378 02/09/2014 02/09/2014 Book Bank
    Other/Generic Classification Scheme     MUST Main Library MUST Main Library 02/09/2014   2004/21605   540 BAI 2003 2014-2431 02/09/2014 02/09/2014 Book Bank
    Other/Generic Classification Scheme     MUST Main Library MUST Main Library 02/09/2014   2006/26765   540 BAI 2003 2014-2432 02/09/2014 02/09/2014 Book Bank
    Other/Generic Classification Scheme     MUST Main Library MUST Main Library 02/09/2014   2005/23784   540 BAI 2003 2014-2433 02/09/2014 02/09/2014 Book Bank
    Other/Generic Classification Scheme     MUST Main Library MUST Main Library 02/09/2014   2004/21607   540 BAI 2003 2014-2434 02/09/2014 02/09/2014 Book Bank
    Other/Generic Classification Scheme     MUST Main Library MUST Main Library 02/09/2014   2004/22664   540 BAI 2003 2014-2435 02/09/2014 02/09/2014 Book Bank
    Other/Generic Classification Scheme     MUST Main Library MUST Main Library 02/09/2014   2006/26763   540 BAI 2003 2014-2436 02/09/2014 02/09/2014 Book Bank
    Other/Generic Classification Scheme     MUST Main Library MUST Main Library 02/09/2014   2004/22663   540 BAI 2003 2014-2437 02/09/2014 02/09/2014 Book Bank